| 000 | 00709nam a22001817a 4500 | ||
|---|---|---|---|
| 005 | 20231215151143.0 | ||
| 010 | _aHIN-126575 | ||
| 020 |
_a9789394406384 _c199.00 |
||
| 035 | _aHN-98921 | ||
| 037 | _bDBAD/PUB | ||
| 082 | _a420 | ||
| 100 |
_aChandra,Saumya _959885 |
||
| 245 |
_a Golden CUET ;(COMMON UNIVERSITY ENTERANCE TEST) For UNDERGRADUATE COURSES ; हिन्दी ( CODE: 102) _cSaumya Chandra |
||
| 260 |
_aNEW DELHI _bLAXMI PUBLICATIONS (P) LTD |
||
| 270 |
_a113,GOLDEN HOUSE, GURUDWARA ROAD, _b DARYAGANJ, _e110002 _k911143532500, 43532500, 43532501 _mwww.laxmipublications.com |
||
| 300 |
_a 100 पिष्ट.; _c27 cm (अजिल्द) |
||
| 942 |
_cHN _2ddc _h420 _mCha |
||
| 999 |
_c199678 _d199678 |
||